| 000 | 00476nam a2200181Ia 4500 | ||
|---|---|---|---|
| 003 | 0 | ||
| 005 | 20230907074630.0 | ||
| 008 | 191118s9999 xx 000 0 und d | ||
| 020 | _a9780544432826 | ||
| 100 | _aDixon, Juli K. | ||
| 245 |
_cJuli k. Dixon _aGo math/ |
||
| 260 |
_aFL: _bHoughton Mifflin Harcourt Publishing _c2015 |
||
| 300 |
_axii, 762 p. ; _bcol. ill. : _c270 cm. |
||
| 440 | _vvol. 2 | ||
| 500 | _aIncludes index | ||
| 650 | _aMathematics | ||
| 942 |
_2lcc _cBK |
||
| 999 |
_c362707 _d362707 |
||